La vie de collège en Angleterre / (Record no. 157294)
[ view plain ]
| 000 -LEADER | |
|---|---|
| campo de control de longitud fija | 00968nam a22002655i 4500 |
| 001 - NÚMERO DE CONTROL | |
| campo de control | 157294 |
| 003 - IDENTIFICADOR DE NÚMERO DE CONTROL | |
| campo de control | ES-MaACL |
| 005 - FECHA Y HORA DE LA ÚLTIMA TRANSACCIÓN | |
| campo de control | 20250817005421.0 |
| 008 - DATOS DE LONGITUD FIJA--INFORMACIÓN GENERAL | |
| campo de control de longitud fija | 040819q18801900fr |||| | fre d |
| 040 ## - FUENTE DE CATALOGACIÓN | |
| Centro catalogador/agencia de origen | CAM |
| Lengua de catalogación | spa |
| Centro/agencia transcriptor | CAM |
| 100 1# - ENTRADA PRINCIPAL--NOMBRE DE PERSONA | |
| Nombre de persona | Laurie, André. |
| 9 (RLIN) | 128745 |
| 245 13 - MENCIÓN DEL TÍTULO | |
| Título | La vie de collège en Angleterre / |
| Mención de responsabilidad, etc. | par André Laurie; illustrations par P. Philippoteaux. |
| 250 ## - MENCION DE EDICION | |
| Mención de edición | 4e éd. |
| 260 ## - PUBLICACIÓN, DISTRIBUCIÓN, ETC. | |
| Lugar de publicación, distribución, etc. | Paris : |
| Nombre del editor, distribuidor, etc. | J. Hetzel et Cie., |
| Fecha de publicación, distribución, etc. | [s.a.] ( |
| Fabricante | Typ. G. Chamerot) |
| 300 ## - DESCRIPCIÓN FÍSICA | |
| Extensión | 326 p., [1] h. de lám. ; |
| Dimensiones | 19 cm. |
| 490 1# - MENCIÓN DE SERIE | |
| Mención de serie | Collection Hetzel |
| 490 1# - MENCIÓN DE SERIE | |
| Mención de serie | Bibliothèque d'education et de récreation |
| 490 1# - MENCIÓN DE SERIE | |
| Mención de serie | La vie de collège dans tous les pays)( |
| 596 ## - NOTA AL PIE DE IMPRENTA | |
| NOTA AL PIE DE IMPRENTA | Impreso ca. 1880-1900. |
| 830 0# - PUNTO DE ACCESO ADICIONAL DE SERIE-TÍTULO UNIFORME | |
| Título uniforme | Collection Hetzel |
| 9 (RLIN) | 188385 |
| 830 00 - PUNTO DE ACCESO ADICIONAL DE SERIE-TÍTULO UNIFORME | |
| Título uniforme | Bibliothèque d'éducation et de récréation |
| 9 (RLIN) | 188119 |
| 830 0# - PUNTO DE ACCESO ADICIONAL DE SERIE-TÍTULO UNIFORME | |
| Título uniforme | La vie de collège dans tous les pays)( |
| 9 (RLIN) | 221770 |
| 852 ## - LOCALIZACIÓN | |
| Ubicación | ES-MaACL |
| Número de control de estantería | F-10346 |
| Nota libre | -- Enc. pasta española |
| Estatus retirado | Estado de pérdida | Estado de daño | No para préstamo | Biblioteca de origen | Biblioteca actual | Ubicación en estantería | Fecha de adquisición | Fuente de adquisición | Total de préstamos | Signatura topográfica completa | Código de barras | Visto por última vez | Precio de reemplazo | Tipo de ítem Koha |
|---|---|---|---|---|---|---|---|---|---|---|---|---|---|---|
| Biblioteca del Ateneo de Madrid | Biblioteca del Ateneo de Madrid | Sala Pecera Planta 2 | 17/01/2008 | F-10346 | 1164607 | 23/02/2023 | 23/02/2023 | Libro impreso |
